[Event "Mecklenburg VP VL 1516"]
[Site "Mecklenburg VP"]
[Date "2015.11.15"]
[Round "3.5"]
[White "Lehmann, Ruben"]
[Black "Feindura, Rene"]
[Result "1-0"]
[WhiteElo "1885"]
[BlackElo "1843"]
[PlyCount "69"]
[EventDate "2015.09.20"]
[EventType "team-tourn"]
[EventRounds "9"]
[EventCountry "GER"]
[SourceTitle "EXT 2022"]
[Source "ChessBase"]
[SourceDate "2021.10.06"]
[SourceVersion "1"]
[SourceVersionDate "2021.10.06"]
[SourceQuality "1"]
[WhiteTeam "Torgelow Droegeheide"]
[BlackTeam "Warnemuende SF Ostsee"]
[WhiteTeamCountry "GER"]
[BlackTeamCountry "GER"]

1. d4 Nf6 2. Nf3 g6 3. c4 Bg7 4. Nc3 0-0 5. e4 d6 6. Be2 e5 7. 0-0 Nc6 8. d5 Ne7 9. Ne1 Nd7 10. Be3 f5 11. f3 f4 12. Bf2 g5 13. Nb5 a6 14. Na7 Rxa7 15. Bxa7 b6 16. b4 Bb7 17. c5 dxc5 18. bxc5 Nxc5 19. Rc1 Qd6 20. Nd3 Nxd3 21. Bxd3 Ra8 22. Qc2 Rxa7 23. Qxc7 Nc8 24. Rc6 Qxc7 25. Rxc7 Bf8 26. Rfc1 Bc5+ 27. Kf1 Nd6 28. Rd7 Nb5 29. Bc4 Nd6 30. Bb3 a5 31. Ke1 a4 32. Bd1 Nb5 33. Be2 Be3 34. Rc2 Nd4 35. Rcc7 1-0

[Event "Mecklenburg VP VL 1415"]
[Site "Mecklenburg VP"]
[Date "2014.11.23"]
[Round "3.8"]
[White "Siegert, Gregor"]
[Black "Feindura, Rene"]
[Result "1-0"]
[WhiteElo "1849"]
[BlackElo "1846"]
[PlyCount "61"]
[EventDate "2014.09.21"]
[EventType "team-tourn"]
[EventRounds "9"]
[EventCountry "GER"]
[SourceTitle "EXT 2022"]
[Source "ChessBase"]
[SourceDate "2021.10.06"]
[SourceVersion "1"]
[SourceVersionDate "2021.10.06"]
[SourceQuality "1"]
[WhiteTeam "Schwerin SF III"]
[BlackTeam "Warnemuende SF Ostsee"]
[WhiteTeamCountry "GER"]
[BlackTeamCountry "GER"]

1. Nf3 Nf6 2. g3 g6 3. Bg2 Bg7 4. 0-0 0-0 5. d4 d6 6. c4 Nc6 7. Nc3 a6 8. e4 e5 9. d5 Ne7 10. b4 a5 11. bxa5 Rxa5 12. a4 b6 13. Ba3 Ra8 14. Bb4 Ba6 15. Nd2 Bh6 16. Nb5 c5 17. Bc3 Bc8 18. f4 Ng4 19. Qe2 Bg7 20. h3 Nh6 21. fxe5 dxe5 22. Nb3 Bd7 23. a5 Bxb5 24. cxb5 Nc8 25. axb6 Rxa1 26. Rxa1 c4 27. Qxc4 Qxb6+ 28. Qc5 Qxc5+ 29. Nxc5 Nd6 30. b6 Rc8 31. Bb4 1-0

[Event "Mecklenburg VP VL 1314"]
[Site "Mecklenburg VP"]
[Date "2014.04.27"]
[Round "9.8"]
[White "Feindura, Rene"]
[Black "Haase, Sebastian"]
[Result "0-1"]
[WhiteElo "1881"]
[BlackElo "1700"]
[PlyCount "26"]
[EventDate "2013.10.20"]
[EventType "team-tourn"]
[EventRounds "9"]
[EventCountry "GER"]
[SourceTitle "EXT 2022"]
[Source "ChessBase"]
[SourceDate "2021.10.06"]
[SourceVersion "1"]
[SourceVersionDate "2021.10.06"]
[SourceQuality "1"]
[WhiteTeam "Warnemuende SF Ostsee"]
[BlackTeam "Grevesmuehlen Blau Weiss"]
[WhiteTeamCountry "GER"]
[BlackTeamCountry "GER"]

1. e4 c5 2. Nf3 e6 3. d4 cxd4 4. Nxd4 a6 5. Be2 Bc5 6. Nb3 Ba7 7. Nc3 Nc6 8. 0-0 b5 9. a3 Qc7 10. Bg5 Nge7 11. Nd5 exd5 12. exd5 Qe5 13. Bxe7 Nxe7 0-1

[Event "Mecklenburg VP LL2 Ost 1112"]
[Site "Mecklenburg VP"]
[Date "2012.03.04"]
[Round "6.2"]
[White "Feindura, Rene"]
[Black "Schmidt, Peter"]
[Result "0-1"]
[WhiteElo "1880"]
[BlackElo "2057"]
[PlyCount "60"]
[EventDate "2011.10.02"]
[EventType "team-tourn"]
[EventRounds "9"]
[EventCountry "GER"]
[SourceTitle "EXT 2022"]
[Source "ChessBase"]
[SourceDate "2021.10.06"]
[SourceVersion "1"]
[SourceVersionDate "2021.10.06"]
[SourceQuality "1"]
[WhiteTeam "Warnemuende SF Ostsee II"]
[BlackTeam "Wolgast Motor"]
[WhiteTeamCountry "GER"]
[BlackTeamCountry "GER"]

1. e4 d5 2. exd5 Qxd5 3. Nc3 Qd6 4. d4 Nf6 5. Nf3 a6 6. Be2 Nbd7 7. 0-0 e6 8. Re1 Be7 9. Bg5 0-0 10. Bd3 c5 11. d5 Nb6 12. Bxf6 gxf6 13. dxe6 fxe6 14. Ne4 Qf4 15. c4 Bd7 16. Ng3 Rf7 17. Qb3 Qc7 18. Re3 Bd6 19. Rae1 Rd8 20. Bb1 Bf4 21. R3e2 e5 22. Nf5 Ba4 23. Qc3 Bd1 24. Re4 Na4 25. Qa3 Bc1 26. Nxe5 fxe5 27. Qg3+ Kh8 28. Rxe5 Rg8 29. Qxg8+ Kxg8 30. Re8+ Rf8 0-1

[Event "Mecklenburg VP LL2 Ost 1112"]
[Site "Mecklenburg VP"]
[Date "2012.01.15"]
[Round "5.2"]
[White "Voelsgen, Georg"]
[Black "Feindura, Rene"]
[Result "1/2-1/2"]
[WhiteElo "2003"]
[BlackElo "1880"]
[PlyCount "51"]
[EventDate "2011.10.02"]
[EventType "team-tourn"]
[EventRounds "9"]
[EventCountry "GER"]
[SourceTitle "EXT 2022"]
[Source "ChessBase"]
[SourceDate "2021.10.06"]
[SourceVersion "1"]
[SourceVersionDate "2021.10.06"]
[SourceQuality "1"]
[WhiteTeam "Gryps SV"]
[BlackTeam "Warnemuende SF Ostsee II"]
[WhiteTeamCountry "GER"]
[BlackTeamCountry "GER"]

1. e4 c5 2. Nc3 Nc6 3. f4 e6 4. Nf3 a6 5. g3 d6 6. Bg2 g6 7. 0-0 Bg7 8. d3 Nge7 9. Kh1 0-0 10. Qe1 Nd4 11. Qf2 Nxf3 12. Qxf3 Bd7 13. g4 Bc6 14. f5 exf5 15. gxf5 Nxf5 16. Qg4 Qh4 17. Qxh4 Nxh4 18. Bh3 f5 19. Bg5 Bf6 20. Bh6 Bg7 21. Bg5 Bf6 22. Bh6 Rf7 23. Rf2 Re8 24. Raf1 Bg7 25. Bg5 Bf6 26. Bh6 1/2-1/2

[Event "Mecklenburg VP LL2 Ost 1112"]
[Site "Mecklenburg VP"]
[Date "2011.10.23"]
[Round "2.2"]
[White "Feindura, Rene"]
[Black "Meyer, Detlef"]
[Result "0-1"]
[WhiteElo "1880"]
[BlackElo "1802"]
[PlyCount "56"]
[EventDate "2011.10.02"]
[EventType "team-tourn"]
[EventRounds "9"]
[EventCountry "GER"]
[SourceTitle "EXT 2022"]
[Source "ChessBase"]
[SourceDate "2021.10.06"]
[SourceVersion "1"]
[SourceVersionDate "2021.10.06"]
[SourceQuality "1"]
[WhiteTeam "Warnemuende SF Ostsee II"]
[BlackTeam "Neubrandenburg SG Eintracht II"]
[WhiteTeamCountry "GER"]
[BlackTeamCountry "GER"]

1. e4 e6 2. d4 d5 3. e5 c5 4. c3 Qb6 5. Nf3 Nc6 6. Bd3 Bd7 7. dxc5 Bxc5 8. 0-0 Qc7 9. b4 Bb6 10. a4 a6 11. Bf4 Nge7 12. Qe2 0-0 13. Na3 Rfc8 14. b5 Nb8 15. Bg5 Be8 16. c4 Bc5 17. Rfc1 h6 18. Bh4 Bxa3 19. Rxa3 axb5 20. Rac3 bxc4 21. Bb1 Ng6 22. Bg3 Bxa4 23. Nd4 Qe7 24. f4 Bd7 25. Qg4 Nc6 26. Nxc6 Rxc6 27. Bxg6 fxg6 28. Qxg6 Rca6 0-1

[Event "Mecklenburg VP LL2 Ost 1011"]
[Site "Mecklenburg VP"]
[Date "2011.01.23"]
[Round "6.8"]
[White "Feindura, Rene"]
[Black "Fidorra, Thomas"]
[Result "1/2-1/2"]
[WhiteElo "1922"]
[BlackElo "1687"]
[PlyCount "102"]
[EventDate "2010.10.10"]
[EventType "team-tourn"]
[EventRounds "9"]
[EventCountry "GER"]
[SourceTitle "EXT 2022"]
[Source "ChessBase"]
[SourceDate "2021.10.06"]
[SourceVersion "1"]
[SourceVersionDate "2021.10.06"]
[SourceQuality "1"]
[WhiteTeam "Warnemuende SF Ostsee II"]
[BlackTeam "Guestrow/Teterow"]
[WhiteTeamCountry "GER"]
[BlackTeamCountry "GER"]

1. e4 c5 2. Nf3 e6 3. d4 cxd4 4. Nxd4 Nf6 5. Nc3 Nc6 6. Nxc6 bxc6 7. Bd3 d5 8. 0-0 Be7 9. e5 Nd7 10. f4 Nc5 11. Be2 d4 12. Nb1 Ba6 13. Bxa6 Nxa6 14. b3 d3 15. Qxd3 Qxd3 16. cxd3 Nb4 17. Na3 Bc5+ 18. Kh1 Nxd3 19. Nc4 Nf2+ 20. Kg1 Nd1+ 21. Kh1 0-0-0 22. Ba3 Nf2+ 23. Rxf2 Bxf2 24. Nd6+ Rxd6 25. Bxd6 Rd8 26. Rc1 Kb7 27. Rc2 Bb6 28. g3 Bc7 29. Bc5 f6 30. exf6 gxf6 31. Kg2 Rd5 32. Be7 e5 33. Bxf6 exf4 34. g4 Rd3 35. Rf2 f3+ 36. Rxf3 Rxf3 37. Kxf3 Bxh2 38. g5 Kc7 39. Kg4 Kd6 40. Kf5 Kd5 41. Bg7 Bd6 42. Kf6 Kc5 43. Kf7 Bf4 44. Bf8+ Kb5 45. Be7 c5 46. Kg8 Bxg5 47. Bxg5 h5 48. Be7 a5 49. Kf7 a4 50. bxa4+ Kxa4 51. Bxc5 h4 1/2-1/2

[Event "Mecklenburg VP LL2 Ost 1011"]
[Site "Mecklenburg VP"]
[Date "2010.10.24"]
[Round "2.7"]
[White "Assmann, Hans"]
[Black "Feindura, Rene"]
[Result "1/2-1/2"]
[WhiteElo "1551"]
[BlackElo "1922"]
[PlyCount "79"]
[EventDate "2010.10.10"]
[EventType "team-tourn"]
[EventRounds "9"]
[EventCountry "GER"]
[SourceTitle "EXT 2022"]
[Source "ChessBase"]
[SourceDate "2021.10.06"]
[SourceVersion "1"]
[SourceVersionDate "2021.10.06"]
[SourceQuality "1"]
[WhiteTeam "Stralsund FHSG II"]
[BlackTeam "Warnemuende SF Ostsee II"]
[WhiteTeamCountry "GER"]
[BlackTeamCountry "GER"]

1. e4 c5 2. Nc3 Nc6 3. Nf3 d6 4. Be2 g6 5. d4 cxd4 6. Nxd4 Bg7 7. Nf3 Bd7 8. 0-0 Nf6 9. a3 0-0 10. h3 Rc8 11. Be3 a6 12. Rb1 Na5 13. Nd2 b5 14. Nd5 Nxd5 15. exd5 Bf5 16. Bd3 Bxd3 17. cxd3 Qd7 18. b4 Nb7 19. Qf3 Rc3 20. Rb3 Rfc8 21. Rfb1 Qf5 22. Qe4 Rc1+ 23. Kh2 Rxb1 24. Nxb1 Bf6 25. Nd2 Qd7 26. d4 Nd8 27. Nf3 e6 28. Rd3 Kg7 29. Qg4 Qb7 30. dxe6 Nxe6 31. d5 Nf8 32. Bd4 Nd7 33. Bxf6+ Nxf6 34. Qf4 Qb6 35. Ng5 Rc4 36. Qe3 Qb7 37. Qd2 Qc7 38. Rf3 h6 39. Qb2 Qe7 40. Re3 1/2-1/2

[Event "Mecklenburg VP LL 0708"]
[Site "Mecklenburg VP"]
[Date "2008.04.20"]
[Round "9.8"]
[White "Feindura, Rene"]
[Black "Schulz, Bernd"]
[Result "1/2-1/2"]
[WhiteElo "1855"]
[BlackElo "1850"]
[PlyCount "36"]
[EventDate "2007.10.21"]
[EventType "team-tourn"]
[EventRounds "9"]
[EventCountry "GER"]
[SourceTitle "EXT 2016"]
[Source "ChessBase"]
[SourceDate "2015.10.08"]
[SourceVersion "1"]
[SourceVersionDate "2015.10.08"]
[SourceQuality "1"]
[WhiteTeam "Warnemuende SF Ostsee"]
[BlackTeam "Wismar ASV Gruen-Weiss"]
[WhiteTeamCountry "GER"]
[BlackTeamCountry "GER"]

1. e4 e5 2. Nf3 Nc6 3. d4 exd4 4. Nxd4 Qh4 5. Nb5 Bc5 6. Qe2 Nd4 7. Nxd4 Bxd4 8. Nd2 Qe7 9. Nf3 Bb6 10. Bd2 Nf6 11. 0-0-0 d6 12. Bg5 Bg4 13. h3 Bd7 14. e5 dxe5 15. Nxe5 0-0-0 16. Nxd7 Rxd7 17. Bxf6 Rxd1+ 18. Qxd1 Qxf6 1/2-1/2

[Event "Mecklenburg VP LL2 Ost 0708"]
[Site "Mecklenburg VP"]
[Date "2008.02.10"]
[Round "6.2"]
[White "Dettmann, Holger"]
[Black "Feindura, Rene"]
[Result "1-0"]
[WhiteElo "1958"]
[BlackElo "1855"]
[PlyCount "97"]
[EventDate "2007.10.21"]
[EventType "team-tourn"]
[EventRounds "9"]
[EventCountry "GER"]
[SourceTitle "EXT 2016"]
[Source "ChessBase"]
[SourceDate "2015.10.08"]
[SourceVersion "1"]
[SourceVersionDate "2015.10.08"]
[SourceQuality "1"]
[WhiteTeam "Guestrow/Teterow"]
[BlackTeam "Warnemuende SF Ostsee II"]
[WhiteTeamCountry "GER"]
[BlackTeamCountry "GER"]

1. c4 Nf6 2. g3 g6 3. Bg2 Bg7 4. Nc3 0-0 5. e3 d6 6. Nge2 Nc6 7. 0-0 a6 8. d4 Rb8 9. a3 Bd7 10. b4 b5 11. cxb5 axb5 12. Bb2 e5 13. Nc1 exd4 14. exd4 Re8 15. Nb3 h5 16. Qd2 Ng4 17. Rae1 Rxe1 18. Rxe1 Ne7 19. Ne4 Be6 20. Na5 Bd5 21. h3 Bxe4 22. Bxe4 Nf6 23. Bg2 Qd7 24. d5 Nf5 25. Nc6 Re8 26. Bxf6 Bxf6 27. Bf1 Rxe1 28. Qxe1 Nd4 29. Nxd4 Bxd4 30. Qe4 Bb6 31. Kg2 Qd8 32. Bxb5 Qf6 33. Qf3 Qd4 34. Be8 Qg7 35. a4 Kf8 36. Bc6 Qd4 37. a5 Ba7 38. Qe3 Qxe3 39. fxe3 Ke7 40. Kf3 Kf6 41. Ke4 g5 42. Bd7 Ke7 43. Bc8 Kf6 44. Bf5 Bb8 45. Bd7 Ba7 46. Kd3 Ke7 47. Bf5 Kf6 48. e4 Ke5 49. Kc4 1-0

[Event "Mecklenburg VP LL2 Ost 0708"]
[Site "Mecklenburg VP"]
[Date "2007.12.09"]
[Round "4.2"]
[White "Voelsgen, Georg"]
[Black "Feindura, Rene"]
[Result "1-0"]
[WhiteElo "1801"]
[BlackElo "1855"]
[PlyCount "29"]
[EventDate "2007.10.21"]
[EventType "team-tourn"]
[EventRounds "9"]
[EventCountry "GER"]
[SourceTitle "EXT 2016"]
[Source "ChessBase"]
[SourceDate "2015.10.08"]
[SourceVersion "1"]
[SourceVersionDate "2015.10.08"]
[SourceQuality "1"]
[WhiteTeam "Gryps SV"]
[BlackTeam "Warnemuende SF Ostsee II"]
[WhiteTeamCountry "GER"]
[BlackTeamCountry "GER"]

1. e4 c5 2. Nc3 Nc6 3. f4 d6 4. Bb5 Bd7 5. Nf3 e6 6. Bxc6 Bxc6 7. d3 g6 8. 0-0 Bg7 9. f5 Nf6 10. fxe6 fxe6 11. e5 Ng4 12. Ng5 h5 13. Nxe6 Qh4 14. Nxg7+ Kd7 15. Rf7+ 1-0

[Event "Mecklenburg VP LL2 Ost 0708"]
[Site "Mecklenburg VP"]
[Date "2007.11.04"]
[Round "2.2"]
[White "Schumacher, Albrecht"]
[Black "Feindura, Rene"]
[Result "0-1"]
[WhiteElo "2035"]
[BlackElo "1855"]
[PlyCount "26"]
[EventDate "2007.10.21"]
[EventType "team-tourn"]
[EventRounds "9"]
[EventCountry "GER"]
[SourceTitle "EXT 2016"]
[Source "ChessBase"]
[SourceDate "2015.10.08"]
[SourceVersion "1"]
[SourceVersionDate "2015.10.08"]
[SourceQuality "1"]
[WhiteTeam "Waren"]
[BlackTeam "Warnemuende SF Ostsee II"]
[WhiteTeamCountry "GER"]
[BlackTeamCountry "GER"]

1. d4 Nf6 2. c4 g6 3. Nc3 Bg7 4. e4 d6 5. Nf3 0-0 6. Be2 e5 7. Be3 Nc6 8. d5 Ne7 9. Nd2 Ne8 10. g4 f5 11. f3 fxg4 12. fxg4 Nxd5 13. Bf2 Ne3 0-1

[Event "Mecklenburg VP LL 0607"]
[Site "Mecklenburg VP"]
[Date "2007.02.25"]
[Round "6.7"]
[White "Katscher, Kathleen"]
[Black "Feindura, Rene"]
[Result "0-1"]
[WhiteElo "1994"]
[BlackElo "1849"]
[PlyCount "48"]
[EventDate "2006.10.15"]
[EventType "team"]
[EventRounds "9"]
[EventCountry "GER"]
[SourceTitle "EXT 2008"]
[Source "ChessBase"]
[SourceDate "2007.11.25"]
[SourceVersion "1"]
[SourceVersionDate "2007.11.25"]
[SourceQuality "1"]
[WhiteTeam "Greifswald II"]
[BlackTeam "Warnemuende SF Ostsee"]
[WhiteTeamCountry "GER"]
[BlackTeamCountry "GER"]

1. e4 c5 2. Nf3 d6 3. d4 cxd4 4. Nxd4 Nf6 5. Nc3 g6 6. Bc4 Bg7 7. 0-0 0-0 8. Be3 a6 9. Qd2 b5 10. Bd3 Ng4 11. Nce2 Nxe3 12. Qxe3 Bb7 13. c3 Nd7 14. Rad1 Ne5 15. f4 Nc4 16. Qc1 e5 17. b3 exd4 18. bxc4 bxc4 19. Bxc4 dxc3 20. Qb1 Qc7 21. Qd3 a5 22. f5 Rac8 23. Bb3 Qb6+ 24. Kh1 Ba6 0-1

[Event "Mecklenburg VP LL 0405"]
[Site "Mecklenburg VP"]
[Date "2005.04.10"]
[Round "8.6"]
[White "Moeller, Peter"]
[Black "Feindura, Rene"]
[Result "0-1"]
[WhiteElo "1984"]
[BlackElo "1855"]
[PlyCount "62"]
[EventDate "2004.10.24"]
[EventType "team"]
[EventRounds "9"]
[EventCountry "GER"]
[SourceTitle "EXT 2009"]
[Source "ChessBase"]
[SourceDate "2008.11.26"]
[SourceVersion "1"]
[SourceVersionDate "2008.11.26"]
[SourceQuality "1"]
[WhiteTeam "Rostock Uni"]
[BlackTeam "Warnemuende SF Ostsee"]
[WhiteTeamCountry "GER"]
[BlackTeamCountry "GER"]

1. d3 c5 2. g3 Nf6 3. Bg2 g6 4. e4 d6 5. f4 Nc6 6. Nf3 Bg7 7. 0-0 Bd7 8. c3 Rb8 9. Re1 e5 10. Kh1 b5 11. Be3 Qc8 12. d4 Ng4 13. Bg1 cxd4 14. cxd4 Nxd4 15. Nxd4 exd4 16. Bxd4 Qc4 17. e5 0-0 18. h3 Nh6 19. Bxa7 Ra8 20. Bf2 Qc8 21. Bxa8 Qxa8+ 22. Kh2 Qc8 23. Qc1 Qb7 24. exd6 Qf3 25. Qe3 Qh5 26. Kg1 Qxh3 27. Qf3 Ng4 28. Nc3 Bxc3 29. Qg2 Qh5 30. bxc3 Bc6 31. Re4 Bxe4 0-1

[Event "Mecklenburg VP LL 0203"]
[Site "Mecklenburg VP"]
[Date "2003.03.09"]
[Round "8.6"]
[White "Mentel, Juergen"]
[Black "Feindura, Rene"]
[Result "1-0"]
[WhiteElo "1903"]
[BlackElo "1847"]
[PlyCount "85"]
[EventDate "2002.10.20"]
[EventType "team-tourn"]
[EventRounds "9"]
[EventCountry "GER"]
[SourceTitle "EXT 2016"]
[Source "ChessBase"]
[SourceDate "2015.10.08"]
[SourceVersion "1"]
[SourceVersionDate "2015.10.08"]
[SourceQuality "1"]
[WhiteTeam "Greifswald"]
[BlackTeam "Warnemuende SF Ostsee"]
[WhiteTeamCountry "GER"]
[BlackTeamCountry "GER"]

1. c4 Nf6 2. Nc3 g6 3. d4 Bg7 4. e4 d6 5. f3 0-0 6. Be3 Nc6 7. Qd2 e5 8. d5 Nd4 9. Nge2 c5 10. dxc6 Nxc6 11. Rd1 Ne8 12. Nb5 a6 13. Nxd6 Nxd6 14. Qxd6 Qa5+ 15. Nc3 Nd4 16. Kf2 Be6 17. a3 Rfd8 18. Qb4 Qxb4 19. axb4 Nc2 20. Nd5 Bxd5 21. exd5 Nxb4 22. Bb6 Rd7 23. g3 Nc2 24. Bh3 f5 25. g4 Rf8 26. gxf5 gxf5 27. Rhg1 Kh8 28. Rg5 Rf6 29. Bxf5 Rxb6 30. Bxd7 Rxb2 31. Rd2 Bh6 32. h4 Bxg5 33. hxg5 Nb4 34. Rxb2 Nd3+ 35. Ke3 Nxb2 36. c5 Nc4+ 37. Ke4 b5 38. c6 b4 39. c7 Nb6 40. Kxe5 b3 41. Bf5 b2 42. d6 Nd7+ 43. Kd4 1-0

[Event "Mecklenburg VP LL2 West 0102"]
[Site "Mecklenburg VP"]
[Date "2001.11.25"]
[Round "3.4"]
[White "Feindura, Rene"]
[Black "Oelke, Bernd"]
[Result "1/2-1/2"]
[WhiteElo "1858"]
[BlackElo "1810"]
[PlyCount "109"]
[EventDate "2001.10.07"]
[EventType "team-tourn"]
[EventRounds "9"]
[EventCountry "GER"]
[SourceTitle "EXT 2022"]
[Source "ChessBase"]
[SourceDate "2021.10.06"]
[SourceVersion "1"]
[SourceVersionDate "2021.10.06"]
[SourceQuality "1"]
[WhiteTeam "Warnemuende SF Ostsee"]
[BlackTeam "Putlitz"]
[WhiteTeamCountry "GER"]
[BlackTeamCountry "GER"]

1. e4 c6 2. Nc3 d5 3. d4 dxe4 4. Nxe4 Bf5 5. Ng3 Bg6 6. Nf3 Nf6 7. h4 h6 8. Ne5 Bh7 9. Bc4 e6 10. Qe2 Qe7 11. Bd3 Bxd3 12. Qxd3 Nbd7 13. Bd2 Qd6 14. Nxd7 Qxd7 15. 0-0-0 Bd6 16. Ne4 Nxe4 17. Qxe4 0-0-0 18. Rh3 Be7 19. Bf4 Qd5 20. Qxd5 Rxd5 21. Be5 Rg8 22. Kb1 f6 23. c4 Rd7 24. Bh2 e5 25. d5 Rgd8 26. f4 cxd5 27. cxd5 Rxd5 28. Rc1+ Kd7 29. fxe5 fxe5 30. Rhc3 Bd6 31. Bg1 b6 32. Rg3 Bf8 33. Rgc3 Ke6 34. h5 Be7 35. Be3 Rd1 36. Rxd1 Rxd1+ 37. Kc2 Rd7 38. g4 Bd6 39. Kb3 Rc7 40. Rd3 Bc5 41. Bd2 Rd7 42. Rxd7 Kxd7 43. Kc4 Kc6 44. b4 b5+ 45. Kd3 Bd4 46. Ke4 Kd6 47. g5 hxg5 48. Bxg5 Bc3 49. h6 gxh6 50. Bxh6 a5 51. bxa5 Bxa5 52. Bf8+ Ke6 53. Bc5 Bc7 54. Bb4 Bd6 55. Bc3 1/2-1/2